<?xml version="1.0" encoding="UTF-8"?>
<record
    xmlns:xsi="http://www.w3.org/2001/XMLSchema-instance"
    xsi:schemaLocation="http://www.loc.gov/MARC21/slim http://www.loc.gov/standards/marcxml/schema/MARC21slim.xsd"
    xmlns="http://www.loc.gov/MARC21/slim">

  <leader>01156nam1a22003011i 4500</leader>
  <controlfield tag="001">v19\rc\1817567</controlfield>
  <controlfield tag="005">20260406130221.0</controlfield>
  <datafield tag="035" ind1=" " ind2=" ">
    <subfield code="a">(NLR Aleph) 004916070</subfield>
  </datafield>
  <datafield tag="090" ind1=" " ind2=" ">
    <subfield code="a">5528216</subfield>
    <subfield code="c">5528216</subfield>
  </datafield>
  <datafield tag="100" ind1=" " ind2=" ">
    <subfield code="a">20071224g19071913|||y0rusy50      ca</subfield>
  </datafield>
  <datafield tag="101" ind1="0" ind2=" ">
    <subfield code="a">rus</subfield>
  </datafield>
  <datafield tag="102" ind1=" " ind2=" ">
    <subfield code="a">RU</subfield>
  </datafield>
  <datafield tag="105" ind1=" " ind2=" ">
    <subfield code="a">    z   |||||</subfield>
  </datafield>
  <datafield tag="200" ind1="1" ind2=" ">
    <subfield code="a">&#x41C;&#x430;&#x442;&#x435;&#x440;&#x438;&#x430;&#x43B;&#x44B; &#x43A; &#x43E;&#x446;&#x435;&#x43D;&#x43A;&#x435; &#x43D;&#x435;&#x434;&#x432;&#x438;&#x436;&#x438;&#x43C;&#x44B;&#x445; &#x438;&#x43C;&#x443;&#x449;&#x435;&#x441;&#x442;&#x432; &#x427;&#x435;&#x440;&#x43D;&#x438;&#x433;&#x43E;&#x432;&#x441;&#x43A;&#x43E;&#x439; &#x433;&#x443;&#x431;&#x435;&#x440;&#x43D;&#x438;&#x438;</subfield>
    <subfield code="e">&#x427;. 1</subfield>
    <subfield code="f">&#x41E;&#x446;&#x435;&#x43D;&#x43E;&#x447;.-&#x441;&#x442;&#x430;&#x442;. &#x431;&#x44E;&#x440;&#x43E; &#x427;&#x435;&#x440;&#x43D;&#x438;&#x433;. &#x433;&#x443;&#x431;. &#x437;&#x435;&#x43C;&#x441;&#x442;&#x432;&#x430;</subfield>
  </datafield>
  <datafield tag="210" ind1=" " ind2=" ">
    <subfield code="a">&#x427;&#x435;&#x440;&#x43D;&#x438;&#x433;&#x43E;&#x432;</subfield>
    <subfield code="c">&#x427;&#x435;&#x440;&#x43D;&#x438;&#x433;&#x43E;&#x432;. &#x433;&#x443;&#x431;. &#x437;&#x435;&#x43C;. &#x443;&#x43F;&#x440;&#x430;&#x432;&#x430;</subfield>
    <subfield code="d">1907-1913</subfield>
  </datafield>
  <datafield tag="215" ind1=" " ind2=" ">
    <subfield code="d">23-26</subfield>
  </datafield>
  <datafield tag="712" ind1="0" ind2="2">
    <subfield code="a">&#x427;&#x435;&#x440;&#x43D;&#x438;&#x433;&#x43E;&#x432;&#x441;&#x43A;&#x43E;&#x435; &#x433;&#x443;&#x431;&#x435;&#x440;&#x43D;&#x441;&#x43A;&#x43E;&#x435; &#x437;&#x435;&#x43C;&#x441;&#x43A;&#x43E;&#x435; &#x43E;&#x446;&#x435;&#x43D;&#x43E;&#x447;&#x43D;&#x43E;-&#x441;&#x442;&#x430;&#x442;&#x438;&#x441;&#x442;&#x438;&#x447;&#x435;&#x441;&#x43A;&#x43E;&#x435; &#x431;&#x44E;&#x440;&#x43E;</subfield>
    <subfield code="3">RU\NLR\AUTH\8819667</subfield>
    <subfield code="9">312698</subfield>
  </datafield>
  <datafield tag="801" ind1=" " ind2="0">
    <subfield code="a">RU</subfield>
    <subfield code="b">NLR</subfield>
    <subfield code="g">psbo</subfield>
  </datafield>
  <datafield tag="801" ind1=" " ind2="0">
    <subfield code="a">RU</subfield>
    <subfield code="b">RuMoRGB</subfield>
    <subfield code="2">psbo</subfield>
  </datafield>
  <datafield tag="801" ind1=" " ind2="1">
    <subfield code="a">RU</subfield>
    <subfield code="b">ProSoft-M</subfield>
    <subfield code="2">rusmarc</subfield>
  </datafield>
  <datafield tag="852" ind1=" " ind2=" ">
    <subfield code="a">NLR</subfield>
    <subfield code="b">&#x417;&#x435;&#x43C;</subfield>
    <subfield code="j">46/8</subfield>
  </datafield>
  <datafield tag="899" ind1=" " ind2=" ">
    <subfield code="a">RuMoRGB</subfield>
    <subfield code="j">U 34/32</subfield>
  </datafield>
  <datafield tag="899" ind1=" " ind2=" ">
    <subfield code="a">RuMoRGB</subfield>
    <subfield code="j">U 200/327</subfield>
  </datafield>
  <datafield tag="899" ind1=" " ind2=" ">
    <subfield code="a">RuMoRGB</subfield>
    <subfield code="j">F 194/106</subfield>
  </datafield>
  <datafield tag="899" ind1=" " ind2=" ">
    <subfield code="a">&#x411;&#x410;&#x41D;</subfield>
  </datafield>
  <datafield tag="899" ind1=" " ind2=" ">
    <subfield code="a">&#x41D;&#x411; &#x421;&#x41F;&#x431;&#x413;&#x423; (1/1-25, 1912)</subfield>
  </datafield>
  <datafield tag="899" ind1=" " ind2=" ">
    <subfield code="a">&#x413;&#x41F;&#x418;&#x411; (&#x447;. 1, &#x432;&#x44B;&#x43F;. 1-6, 18-20, 23, 1908)</subfield>
  </datafield>
  <datafield tag="942" ind1=" " ind2=" ">
    <subfield code="c">BOOK</subfield>
  </datafield>
</record>
